La gestión de la lealtad del cliente en el sector minorista alimentario (Registro nro. 23253)

Detalles MARC
000 -LEADER
fixed length control field 00444 a2200121 4500
001 - CONTROL NUMBER
control field ART_8073
005 - DATE AND TIME OF LATEST TRANSACTION
control field 20260410161831.0
008 - FIXED-LENGTH DATA ELEMENTS--GENERAL INFORMATION
fixed length control field 260409a
100 1# - MAIN ENTRY--PERSONAL NAME
Personal name Arrondo Diez, Elvira
245 10 - TITLE STATEMENT
Title La gestión de la lealtad del cliente en el sector minorista alimentario
700 1# - ADDED ENTRY--PERSONAL NAME
Personal name Urcelay Yarza, Víctor
773 0# - HOST ITEM ENTRY
Title Boletín de estudios económicos
Related parts Nuevas tendecnias en marketing - Año 55, Nº 171 (dic. 2000)
Record control number REV5142

No hay ítems disponibles.